HTML, XHTML & CSS : (Record no. 9221)
[ view plain ]
| 000 -LEADER | |
|---|---|
| fixed length control field | 01197nam a22003375a 4500 |
| 008 - FIXED-LENGTH DATA ELEMENTS--GENERAL INFORMATION | |
| fixed length control field | 120604t2007 caua|||fr|||| 001 0 eng d |
| 010 ## - LIBRARY OF CONGRESS CONTROL NUMBER | |
| LC control number | 2006298803 |
| 020 ## - INTERNATIONAL STANDARD BOOK NUMBER | |
| International Standard Book Number | 0321430840 (pbk.) |
| 020 ## - INTERNATIONAL STANDARD BOOK NUMBER | |
| International Standard Book Number | 9780321430847 |
| 035 ## - SYSTEM CONTROL NUMBER | |
| System control number | (OCoLC)ocm71252517 |
| 040 ## - CATALOGING SOURCE | |
| Original cataloging agency | EG-ScBuE |
| Language of cataloging | eng |
| Transcribing agency | EG-ScBuE |
| 082 00 - DEWEY DECIMAL CLASSIFICATION NUMBER | |
| Classification number | 006.74 |
| Item number | CAS |
| Edition number | 22 |
| 100 1# - MAIN ENTRY--PERSONAL NAME | |
| Personal name | Castro, Elizabeth. |
| 9 (RLIN) | 29995 |
| 245 10 - TITLE STATEMENT | |
| Title | HTML, XHTML & CSS : |
| Remainder of title | Visual Quickstart Guide / |
| Statement of responsibility, etc | by Elizabeth Castro. |
| 246 3# - VARYING FORM OF TITLE | |
| Title proper/short title | HTML for the World Wide Web |
| 250 ## - EDITION STATEMENT | |
| Edition statement | 6th ed. |
| 260 ## - PUBLICATION, DISTRIBUTION, ETC. (IMPRINT) | |
| Place of publication, distribution, etc | Berkeley : |
| Name of publisher, distributor, etc | Peachpit Press, |
| Date of publication, distribution, etc | c.2007. |
| 300 ## - PHYSICAL DESCRIPTION | |
| Extent | 456 p. : |
| Other physical details | ill. (some col.) ; |
| Dimensions | 23 cm. |
| 490 ## - Series Statement | |
| Series statement | Visual quickstart guide |
| 500 ## - GENERAL NOTE | |
| General note | Index : p. 437-456. |
| 500 ## - GENERAL NOTE | |
| General note | Previous ed.: published as HTML for the World Wide Web with XHTML and CSS. 2003. |
| 590 ## - LOCAL NOTE (RLIN) | |
| Local note | yassmeen ashraf |
| 650 #0 - SUBJECT ADDED ENTRY--TOPICAL TERM | |
| Topical term or geographic name as entry element | Hypertext systems. |
| 9 (RLIN) | 29997 |
| Source of heading or term | BUEsh |
| 650 #0 - SUBJECT ADDED ENTRY--TOPICAL TERM | |
| Topical term or geographic name as entry element | HTML (Document markup language) |
| 9 (RLIN) | 29998 |
| Source of heading or term | BUEsh |
| 650 #0 - SUBJECT ADDED ENTRY--TOPICAL TERM | |
| Topical term or geographic name as entry element | Cascading style sheets. |
| 9 (RLIN) | 29999 |
| Source of heading or term | BUEsh |
| 650 #0 - SUBJECT ADDED ENTRY--TOPICAL TERM | |
| Topical term or geographic name as entry element | XHTML (Document markup language) |
| 9 (RLIN) | 30000 |
| Source of heading or term | BUEsh |
| 650 #0 - SUBJECT ADDED ENTRY--TOPICAL TERM | |
| Topical term or geographic name as entry element | Electronic publishing. |
| 9 (RLIN) | 30001 |
| Source of heading or term | BUEsh |
| 651 ## - SUBJECT ADDED ENTRY--GEOGRAPHIC NAME | |
| Source of heading or term | BUEsh |
| 653 ## - INDEX TERM--UNCONTROLLED | |
| Resource For college | Informatics and Computer Science |
| Arrived date list | August2015 |
| 942 ## - ADDED ENTRY ELEMENTS (KOHA) | |
| Item type | Book - Borrowing |
| Call number prefix | 006.74 CAS |
| Source of classification or shelving scheme | Dewey Decimal Classification |
| Withdrawn status | Item status | Source of classification or shelving scheme | Damaged status | Not for loan | Home library | Current library | Shelving location | Date acquired | Source of acquisition | Total Checkouts | Total Renewals | Full call number | Barcode | Date last seen | Date last borrowed | Koha item type | Vendor |
|---|---|---|---|---|---|---|---|---|---|---|---|---|---|---|---|---|---|
| Dewey Decimal Classification | Central Library | Central Library | Lower Floor | 21/04/2008 | Purchase | 3 | 15 | 006.74 CAS | 000011298 | 15/07/2025 | 16/02/2013 | Book - Borrowing | |||||
| Dewey Decimal Classification | Central Library | Central Library | Lower Floor | 31/10/2010 | 5 | 7 | 006.74 CAS | 000022484 | 15/07/2025 | 07/04/2015 | Book - Borrowing | Baccah | |||||
| Dewey Decimal Classification | Central Library | Central Library | Lower Floor | 31/10/2010 | 006.74 CAS | 000022483 | 15/07/2025 | NB - Book (Non borrowing) | Baccah |